| 000 | 00783nam a2200193 a 4500 | ||
|---|---|---|---|
| 008 | 090617s1978 ||||||||||||||||| || u | ||
| 050 | _aGOV.ZAM(02)1978/4 | ||
| 100 | _aUtting, J | ||
| 245 | 1 | 4 | _aThe Karroo stratigraphy of the northern part of the Luangwa Valley |
| 260 |
_aLusaka _bGovernment Printer _c1978 |
||
| 300 | _av, 64p.: ill. | ||
| 350 | _a0.00 | ||
| 490 | _aMemoir of the Geological Survey | ||
| 650 | _aKARROO SUPERGROUP | ||
| 650 | _aCOAL--GEOLOGY--LUANGWA VALLEY--ZAMBIA | ||
| 710 | _aGovernment of the Republic of Zambia. Ministry of Mines | ||
| 710 | _aGovernment of the Republic of Zambia (GRZ) | ||
| 995 |
_D0.00 _FCBU-MAIN LIBRARY (Kitwe) _H1 _I0.00 _M1 _UAVAILABLE _WJun 17, 2009 _ZZambiana Collection |
||
| 999 |
_c48569 _d48569 |
||